| 000 | 00446cam a2200181ua 4500 | ||
|---|---|---|---|
| 020 | _cRs 4.00 | ||
| 041 |
_ahin _h |
||
| 082 |
_a891.54 _bKRI/EK |
||
| 100 | _aKrishna, Chandar. | ||
| 245 |
_aEk violin samandar ke kinare / _cKrishna Chandar. _hTextual Documents |
||
| 250 |
_a1 / _b. |
||
| 260 |
_aDelhi : _bRajkamal Prakash , _c1962. |
||
| 300 | _a208 ; . | ||
| 365 | _aRs 4.00 | ||
| 504 | _a | ||
| 942 | _cBK | ||
| 999 |
_c3607 _d3607 |
||